• 首页
  • 本馆介绍
  • 公告通知
  • 最新文献
  • 馆藏检索
  • 电子资源
  • 读者导购
  • 参考咨询
  • 我的图书馆
  • 登录
  • 详细信息显示
  • 放入我的书架
  • 预约/预借图书
  • 作者相关作品
  • 分类相关作品
  • 丛书相关作品
  • 出版社相关作品

书目信息

  • 表格格式
  • 工作单格式
  • 卡片格式
题名:
艺术设计理论体系及风格嬗变
    
 
作者: 伍云秀 , 李佳 , 武明煜 主编
分册:  
出版信息: 北京   中国水利水电出版社  2014
页数: 422页
开本: 26cm
丛书名:
单 册:
中图分类: J06 , TB47 , J06
科图分类:
主题词: 艺术--设计--研究 , 工业设计--研究 , 艺术 , 工业设计
电子资源:
ISBN: 978-7-5170-2192-6
000 01145nam0 2200313 450
001 012015000259
005 20150915084417.12
010    @a978-7-5170-2192-6@dCNY86.00
100    @a20141209d2014 em y0chiy50 ea
101 0  @achi
102    @aCN@b110000
105    @aa z 000yy
106    @ar
200 1  @a艺术设计理论体系及风格嬗变@Ayi shu she ji li lun ti xi ji feng ge shan bian@f伍云秀,李佳,武明煜主编
210    @a北京@c中国水利水电出版社@d2014
215    @a422页@c图,照片@d26cm
330    @a本书从艺术设计的基本理论出发,详细论述了艺术设计的造型理论、材料理论、心理分析、思维与方法、审美与批评以及艺术设计的主体--设计师的相关内容,为艺术设计提供了系统、科学的理论支撑,同时从产品艺术设计、环境艺术设计、视觉传达设计和数字艺术设计等领域展开实践。
606 0  @a艺术@x设计@x研究
606 0  @a工业设计@x研究
606 0  @a艺术
606 0  @a工业设计
690    @aJ06@v5
690    @aTB47@v5
690    @aJ06@v5
701  0 @a伍云秀@Awu yun xiu@f(1975-)@4主编
701  0 @a李佳@Ali jia@f(1981-)@4主编
701  0 @a武明煜@Awu ming yu@f(1976-)@4主编
801  0 @aCN@b碧洲教育@c20150716
905    @a10447@f4@dJ06@e314
    
    艺术设计理论体系及风格嬗变/伍云秀,李佳,武明煜主编.-北京:中国水利水电出版社,2014
    422页:图,照片;26cm
    
    
    ISBN 978-7-5170-2192-6:CNY86.00
    本书从艺术设计的基本理论出发,详细论述了艺术设计的造型理论、材料理论、心理分析、思维与方法、审美与批评以及艺术设计的主体--设计师的相关内容,为艺术设计提供了系统、科学的理论支撑,同时从产品艺术设计、环境艺术设计、视觉传达设计和数字艺术设计等领域展开实践。
●
相关链接 在E读中查询图书 在五车中查询图书 在当当中查询图书 在豆瓣中查询图书


正题名:艺术设计理论体系及风格嬗变     索取号:J06/314         预约/预借

序号 登录号 条形码 馆藏地/架位号 状态 备注
1 0870049   208700495   第一样本阅览室/ [索取号:J06/314] 在馆    
2 0870050   208700501   第一借阅区/ [索取号:J06/314] 在馆    
3 0870051   208700510   第一借阅区/ [索取号:J06/314] 在馆    
4 0870052   208700529   第一借阅区/ [索取号:J06/314] 在馆    
唐山师范学院图书馆 欢迎您!
大连网信软件有限公司© 版权所有